[Event "1st 4NCL Easter Congress"]
[Site "Stevenage"]
[Date "2019.04.22"]
[Round "6"]
[Board "9"]
[White "Tyomkyn, Mikhail"]
[Black "Verma, Aditya"]
[Result "1-0"]
[WhiteElo "2138"]
[BlackElo "2071"]
[PlyCount "0"]
[EventDate "2019.04.19"]
[EventRounds "7"]
[EventCountry "ENG"]

1. Nf3 {[%clk 01:30:48]} {[%emt 00:00:03]} d5 {[%clk 01:30:57]} {[%emt
00:00:11]} 2. g3 {[%clk 01:31:15]} {[%emt 00:00:04]} Nf6 {[%clk 01:31:19]}
{[%emt 00:00:05]} 3. Bg2 {[%clk 01:31:43]} {[%emt 00:00:05]} c6 {[%clk
01:31:39]} {[%emt 00:00:10]} 4. c4 {[%clk 01:31:35]} {[%emt 00:00:38]} Bf5
{[%clk 01:30:27]} {[%emt 00:01:41]} 5. Qb3 {[%clk 01:31:39]} {[%emt 00:00:27]}
Qc8 {[%clk 01:28:42]} {[%emt 00:02:14]} 6. cxd5 {[%clk 01:29:17]} {[%emt
00:02:53]} cxd5 {[%clk 01:28:01]} {[%emt 00:01:10]} 7. Nc3 {[%clk 01:29:38]}
{[%emt 00:00:09]} e6 {[%clk 01:28:05]} {[%emt 00:00:27]} 8. d3 {[%clk
01:29:18]} {[%emt 00:00:49]} Nc6 {[%clk 01:27:30]} {[%emt 00:01:05]} 9. Bf4
{[%clk 01:27:57]} {[%emt 00:01:51]} Be7 {[%clk 01:23:13]} {[%emt 00:04:48]} 10.
O-O {[%clk 01:28:06]} {[%emt 00:00:21]} O-O {[%clk 01:23:26]} {[%emt 00:00:16]}
11. Rac1 {[%clk 01:28:03]} {[%emt 00:00:34]} Nd7 {[%clk 01:19:22]} {[%emt
00:04:32]} 12. Nb5 {[%clk 01:04:04]} {[%emt 00:24:32]} Nc5 {[%clk 01:03:58]}
{[%emt 00:15:53]} 13. Qd1 {[%clk 01:02:43]} {[%emt 00:01:52]} Qd7 {[%clk
00:59:32]} {[%emt 00:04:55]} 14. Nbd4 {[%clk 01:01:20]} {[%emt 00:01:53]} Nxd4
{[%clk 00:58:52]} {[%emt 00:01:10]} 15. Nxd4 {[%clk 01:01:48]} {[%emt
00:00:03]} Bg6 {[%clk 00:58:23]} {[%emt 00:00:58]} 16. b4 {[%clk 00:59:56]}
{[%emt 00:02:22]} Na6 {[%clk 00:58:08]} {[%emt 00:00:45]} 17. a3 {[%clk
00:59:37]} {[%emt 00:00:50]} Rac8 {[%clk 00:58:14]} {[%emt 00:00:22]} 18. Qb3
{[%clk 00:58:26]} {[%emt 00:01:43]} h6 {[%clk 00:57:05]} {[%emt 00:01:38]} 19.
Rfd1 {[%clk 00:42:52]} {[%emt 00:16:04]} Bf6 {[%clk 00:46:23]} {[%emt
00:11:12]} 20. Be3 {[%clk 00:40:30]} {[%emt 00:02:52]} Bh5 {[%clk 00:43:53]}
{[%emt 00:02:59]} 21. Kf1 {[%clk 00:32:51]} {[%emt 00:08:11]} Rfd8 {[%clk
00:34:00]} {[%emt 00:10:21]} 22. Bh3 {[%clk 00:24:53]} {[%emt 00:08:30]} Kf8
{[%clk 00:22:33]} {[%emt 00:11:56]} 23. b5 {[%clk 00:18:35]} {[%emt 00:06:49]}
Nc7 {[%clk 00:21:43]} {[%emt 00:01:20]} 24. a4 {[%clk 00:18:22]} {[%emt
00:00:43]} Ne8 {[%clk 00:21:32]} {[%emt 00:00:41]} 25. Qb4+ {[%clk 00:15:09]}
{[%emt 00:03:44]} Kg8 {[%clk 00:21:11]} {[%emt 00:00:50]} 26. Qa5 {[%clk
00:13:49]} {[%emt 00:01:51]} Ra8 {[%clk 00:15:21]} {[%emt 00:06:19]} 27. Rc2
{[%clk 00:12:08]} {[%emt 00:02:11]} Bg6 {[%clk 00:12:42]} {[%emt 00:03:08]} 28.
Rdc1 {[%clk 00:11:49]} {[%emt 00:00:49]} Bh5 {[%clk 00:12:55]} {[%emt
00:00:18]} 29. f3 {[%clk 00:10:30]} {[%emt 00:01:48]} Be5 {[%clk 00:12:01]}
{[%emt 00:01:24]} 30. Nb3 {[%clk 00:09:29]} {[%emt 00:01:31]} d4 {[%clk
00:10:56]} {[%emt 00:01:35]} 31. Bf2 {[%clk 00:09:23]} {[%emt 00:00:37]} b6
{[%clk 00:05:48]} {[%emt 00:05:38]} 32. Qb4 {[%clk 00:08:38]} {[%emt 00:01:15]}
a6 {[%clk 00:06:16]} {[%emt 00:00:03]} 33. Rc6 {[%clk 00:06:57]} {[%emt
00:02:10]} axb5 {[%clk 00:04:45]} {[%emt 00:02:36]} 34. Qxb5 {[%clk 00:06:17]}
{[%emt 00:00:39]} Qd5 {[%clk 00:05:09]} {[%emt 00:00:33]} 35. Qxd5 {[%clk
00:05:50]} {[%emt 00:00:26]} Rxd5 {[%clk 00:05:31]} {[%emt 00:00:07]} 36. f4
{[%clk 00:06:05]} {[%emt 00:00:15]} Bf6 {[%clk 00:04:30]} {[%emt 00:01:31]} 37.
Rxb6 {[%clk 00:05:16]} {[%emt 00:01:20]} Rxa4 {[%clk 00:02:45]} {[%emt
00:02:15]} 38. Rb8 {[%clk 00:05:23]} {[%emt 00:02:13]}  1-0

[Event "1st 4NCL Easter Congress"]
[Site "Stevenage"]
[Date "2019.04.22"]
[Round "6"]
[Board "11"]
[White "Moore, Gerald"]
[Black "Okhai, Shabir"]
[Result "1/2-1/2"]
[WhiteElo "2045"]
[BlackElo "2073"]
[PlyCount "0"]
[EventDate "2019.04.19"]
[EventRounds "7"]
[EventCountry "ENG"]

1. Nf3 {[%clk 01:30:58]} {[%emt 00:00:02]} Nf6 {[%clk 01:30:12]} {[%emt
00:00:48]} 2. c4 {[%clk 01:31:17]} {[%emt 00:00:11]} e6 {[%clk 01:30:34]}
{[%emt 00:00:09]} 3. g3 {[%clk 01:31:19]} {[%emt 00:00:28]} b6 {[%clk
01:30:32]} {[%emt 00:00:32]} 4. Bg2 {[%clk 01:31:32]} {[%emt 00:00:17]} Bb7
{[%clk 01:30:54]} {[%emt 00:00:07]} 5. O-O {[%clk 01:31:55]} {[%emt 00:00:07]}
c5 {[%clk 01:30:56]} {[%emt 00:00:29]} 6. Nc3 {[%clk 01:31:52]} {[%emt
00:00:32]} Be7 {[%clk 01:30:43]} {[%emt 00:00:43]} 7. Re1 {[%clk 01:31:35]}
{[%emt 00:00:48]} d6 {[%clk 01:30:22]} {[%emt 00:00:51]} 8. e4 {[%clk
01:31:22]} {[%emt 00:00:42]} a6 {[%clk 01:30:15]} {[%emt 00:00:37]} 9. d4
{[%clk 01:31:27]} {[%emt 00:00:25]} cxd4 {[%clk 01:30:43]} {[%emt 00:00:02]} 10.
Nxd4 {[%clk 01:31:51]} {[%emt 00:00:06]} Qc7 {[%clk 01:31:07]} {[%emt
00:00:06]} 11. Be3 {[%clk 01:32:10]} {[%emt 00:00:11]} O-O {[%clk 01:31:02]}
{[%emt 00:00:35]} 12. Rc1 {[%clk 01:31:43]} {[%emt 00:00:57]} Re8 {[%clk
01:30:20]} {[%emt 00:01:13]} 13. f4 {[%clk 01:29:43]} {[%emt 00:02:29]} Bf8
{[%clk 01:30:27]} {[%emt 00:00:23]} 14. Bf2 {[%clk 01:26:13]} {[%emt 00:04:00]}
g6 {[%clk 01:25:37]} {[%emt 00:05:20]} 15. g4 {[%clk 01:02:50]} {[%emt
00:23:54]} Nfd7 {[%clk 01:19:29]} {[%emt 00:06:38]} 16. b4 {[%clk 00:55:24]}
{[%emt 00:07:57]} Nc6 {[%clk 01:14:59]} {[%emt 00:04:59]} 17. a3 {[%clk
00:37:02]} {[%emt 00:18:52]} Rac8 {[%clk 01:12:19]} {[%emt 00:03:09]} 18. Nb3
{[%clk 00:33:42]} {[%emt 00:03:51]} Red8 {[%clk 01:01:47]} {[%emt 00:11:02]} 19.
Nd5 {[%clk 00:27:03]} {[%emt 00:07:08]} exd5 {[%clk 01:00:27]} {[%emt
00:01:51]} 20. cxd5 {[%clk 00:27:26]} {[%emt 00:00:07]} Qb8 {[%clk 00:58:48]}
{[%emt 00:02:10]} 21. dxc6 {[%clk 00:27:46]} {[%emt 00:00:10]} Rxc6 {[%clk
00:55:53]} {[%emt 00:03:24]} 22. Rxc6 {[%clk 00:27:17]} {[%emt 00:01:00]} Bxc6
{[%clk 00:56:16]} {[%emt 00:00:06]} 23. Nd4 {[%clk 00:27:06]} {[%emt 00:00:41]}
Bb7 {[%clk 00:55:28]} {[%emt 00:01:17]} 24. Qd3 {[%clk 00:22:29]} {[%emt
00:05:07]} b5 {[%clk 00:51:08]} {[%emt 00:04:51]} 25. Nb3 {[%clk 00:18:23]}
{[%emt 00:04:36]} Re8 {[%clk 00:49:05]} {[%emt 00:02:32]}  1/2-1/2

[Event "1st 4NCL Easter Congress"]
[Site "Stevenage"]
[Date "2019.04.22"]
[Round "6"]
[Board "12"]
[White "Jaufarally, Nadia"]
[Black "Burrows, Martin P"]
[Result "1-0"]
[WhiteElo "1859"]
[BlackElo "2146"]
[PlyCount "0"]
[EventDate "2019.04.19"]
[EventRounds "7"]
[EventCountry "ENG"]

1. e4 {[%clk 01:30:57]} {[%emt 00:00:03]} c5 {[%clk 01:30:53]} {[%emt
00:00:07]} 2. Nf3 {[%clk 01:31:19]} {[%emt 00:00:07]} e6 {[%clk 01:31:05]}
{[%emt 00:00:19]} 3. d4 {[%clk 01:31:35]} {[%emt 00:00:14]} cxd4 {[%clk
01:31:29]} {[%emt 00:00:07]} 4. Nxd4 {[%clk 01:31:58]} {[%emt 00:00:06]} a6
{[%clk 01:31:55]} {[%emt 00:00:05]} 5. Nc3 {[%clk 01:32:11]} {[%emt 00:00:15]}
Qc7 {[%clk 01:32:11]} {[%emt 00:00:15]} 6. Bd3 {[%clk 01:32:02]} {[%emt
00:00:39]} Nf6 {[%clk 01:32:13]} {[%emt 00:00:28]} 7. Be3 {[%clk 01:24:07]}
{[%emt 00:08:24]} b5 {[%clk 01:31:31]} {[%emt 00:01:13]} 8. a3 {[%clk
01:20:43]} {[%emt 00:03:54]} Bb7 {[%clk 01:31:29]} {[%emt 00:00:32]} 9. O-O
{[%clk 01:20:11]} {[%emt 00:01:02]} d6 {[%clk 01:31:13]} {[%emt 00:00:46]} 10.
Qe2 {[%clk 01:14:08]} {[%emt 00:06:33]} Nbd7 {[%clk 01:31:06]} {[%emt
00:00:38]} 11. Rad1 {[%clk 01:10:57]} {[%emt 00:03:40]} Be7 {[%clk 01:31:04]}
{[%emt 00:00:32]} 12. f3 {[%clk 01:05:35]} {[%emt 00:05:53]} O-O {[%clk
01:31:07]} {[%emt 00:00:26]} 13. Qf2 {[%clk 01:05:40]} {[%emt 00:00:25]} g6
{[%clk 01:19:43]} {[%emt 00:11:55]} 14. Qg3 {[%clk 00:52:56]} {[%emt 00:13:13]}
Nc5 {[%clk 01:15:35]} {[%emt 00:04:38]} 15. Nb3 {[%clk 00:46:13]} {[%emt
00:07:13]} e5 {[%clk 01:07:25]} {[%emt 00:08:40]} 16. Be2 {[%clk 00:33:20]}
{[%emt 00:13:23]} Ne6 {[%clk 01:00:43]} {[%emt 00:07:12]} 17. Rd2 {[%clk
00:28:06]} {[%emt 00:05:44]} Rac8 {[%clk 00:58:14]} {[%emt 00:03:00]} 18. Kh1
{[%clk 00:25:01]} {[%emt 00:03:34]} Nf4 {[%clk 00:56:05]} {[%emt 00:02:39]} 19.
Qf2 {[%clk 00:22:31]} {[%emt 00:03:00]} Nxe2 {[%clk 00:55:47]} {[%emt
00:00:48]} 20. Qxe2 {[%clk 00:21:11]} {[%emt 00:01:51]} Nh5 {[%clk 00:52:29]}
{[%emt 00:03:47]} 21. Qd3 {[%clk 00:12:35]} {[%emt 00:09:07]} Rfd8 {[%clk
00:49:26]} {[%emt 00:03:33]} 22. Rfd1 {[%clk 00:11:04]} {[%emt 00:02:01]} Kg7
{[%clk 00:43:17]} {[%emt 00:06:38]} 23. g4 {[%clk 00:06:44]} {[%emt 00:04:50]}
Nf6 {[%clk 00:42:56]} {[%emt 00:00:52]} 24. Bg5 {[%clk 00:06:46]} {[%emt
00:00:28]} Qb8 {[%clk 00:24:41]} {[%emt 00:18:45]} 25. Qe3 {[%clk 00:06:09]}
{[%emt 00:01:07]} Ba8 {[%clk 00:21:31]} {[%emt 00:03:39]} 26. Qe1 {[%clk
00:03:32]} {[%emt 00:03:08]} Nd5 {[%clk 00:17:18]} {[%emt 00:04:43]} 27. Bxe7
{[%clk 00:01:40]} {[%emt 00:02:22]} Nxe7 {[%clk 00:17:46]} {[%emt 00:00:03]} 28.
Qh4 {[%clk 00:01:07]} {[%emt 00:01:03]} f6 {[%clk 00:17:05]} {[%emt 00:01:10]}
29. Nc1 {[%clk 00:00:45]} {[%emt 00:00:52]} b4 {[%clk 00:14:38]} {[%emt
00:02:56]} 30. axb4 {[%clk 00:00:55]} {[%emt 00:00:21]} Qxb4 {[%clk 00:15:06]}
{[%emt 00:00:02]} 31. Nd3 {[%clk 00:00:51]} {[%emt 00:00:34]} Qb7 {[%clk
00:14:35]} {[%emt 00:01:01]} 32. g5 {[%clk 00:00:36]} {[%emt 00:00:45]} fxg5
{[%clk 00:11:02]} {[%emt 00:05:34]} 33. Qxg5 {[%clk 00:01:02]} Rf8 {[%clk
00:11:22]} 34. Nxe5 {[%clk 00:00:54]} h6 {[%clk 00:10:28]} {[%emt 00:01:13]} 35.
Qg3 {[%clk 00:01:15]} Qxb2 {[%clk 00:03:33]} {[%emt 00:07:06]} 36. Rxd6 {[%clk
00:01:34]} g5 {[%clk 00:03:51]} {[%emt 00:00:24]} 37. Qh3 {[%clk 00:00:44]}
{[%emt 00:01:18]} Rf6 {[%clk 00:01:35]} {[%emt 00:02:47]} 38. Rxf6 {[%clk
00:00:55]} {[%emt 00:00:19]} Kxf6 {[%clk 00:02:01]} {[%emt 00:00:05]} 39. Qxh6+
{[%clk 00:01:11]} {[%emt 00:00:13]} Kxe5 {[%clk 00:01:47]} {[%emt 00:00:44]} 40.
Qd6# {[%clk 00:01:35]} {[%emt 00:00:06]}  1-0

[Event "1st 4NCL Easter Congress"]
[Site "Stevenage"]
[Date "2019.04.22"]
[Round "6"]
[Board "13"]
[White "Cocks, Elliot"]
[Black "Stubbs, Oliver"]
[Result "1/2-1/2"]
[WhiteElo "1944"]
[BlackElo "1873"]
[PlyCount "0"]
[EventDate "2019.04.19"]
[EventRounds "7"]
[EventCountry "ENG"]

1. Nf3 {[%clk 01:30:57]} {[%emt 00:00:01]} Nf6 {[%clk 01:30:43]} {[%emt
00:00:18]} 2. c4 {[%clk 01:31:18]} {[%emt 00:00:09]} g6 {[%clk 01:31:05]}
{[%emt 00:00:08]} 3. Nc3 {[%clk 01:31:12]} {[%emt 00:00:36]} Bg7 {[%clk
01:31:29]} {[%emt 00:00:06]} 4. e4 {[%clk 01:31:26]} {[%emt 00:00:16]} d6
{[%clk 01:31:54]} {[%emt 00:00:05]} 5. d4 {[%clk 01:31:50]} {[%emt 00:00:06]}
O-O {[%clk 01:32:19]} {[%emt 00:00:05]} 6. Be2 {[%clk 01:32:03]} {[%emt
00:00:17]} e5 {[%clk 01:32:43]} {[%emt 00:00:06]} 7. O-O {[%clk 01:32:16]}
{[%emt 00:00:17]} Nc6 {[%clk 01:31:21]} {[%emt 00:01:52]} 8. d5 {[%clk
01:32:38]} {[%emt 00:00:08]} Ne7 {[%clk 01:31:46]} {[%emt 00:00:05]} 9. b4
{[%clk 01:27:38]} {[%emt 00:05:29]} Nh5 {[%clk 01:27:57]} {[%emt 00:04:19]} 10.
Re1 {[%clk 01:27:49]} {[%emt 00:00:19]} Nf4 {[%clk 01:26:34]} {[%emt 00:01:53]}
11. Bf1 {[%clk 01:28:12]} {[%emt 00:00:07]} f5 {[%clk 01:15:11]} {[%emt
00:11:54]} 12. Be3 {[%clk 01:24:58]} {[%emt 00:03:44]} fxe4 {[%clk 01:09:27]}
{[%emt 00:06:14]} 13. Nxe4 {[%clk 01:21:42]} {[%emt 00:03:46]} Nf5 {[%clk
01:04:24]} {[%emt 00:05:33]} 14. Bd2 {[%clk 01:18:49]} {[%emt 00:03:22]} Nd4
{[%clk 00:51:04]} {[%emt 00:13:50]} 15. Nxd4 {[%clk 01:13:05]} {[%emt
00:06:14]} exd4 {[%clk 00:51:14]} {[%emt 00:00:21]} 16. g3 {[%clk 01:11:00]}
{[%emt 00:02:34]} Nh3+ {[%clk 00:44:51]} {[%emt 00:06:53]} 17. Bxh3 {[%clk
01:09:54]} {[%emt 00:01:36]} Bxh3 {[%clk 00:45:18]} {[%emt 00:00:03]} 18. Ng5
{[%clk 01:10:16]} {[%emt 00:00:08]} Bf5 {[%clk 00:37:30]} {[%emt 00:08:19]} 19.
Ne6 {[%clk 01:10:28]} {[%emt 00:00:18]} Bxe6 {[%clk 00:37:57]} {[%emt
00:00:03]} 20. Rxe6 {[%clk 01:10:16]} {[%emt 00:00:42]} Qd7 {[%clk 00:31:29]}
{[%emt 00:06:57]} 21. Qg4 {[%clk 00:50:21]} {[%emt 00:20:25]} Qf7 {[%clk
00:31:40]} {[%emt 00:00:19]} 22. f4 {[%clk 00:50:00]} {[%emt 00:00:50]} Rae8
{[%clk 00:21:34]} {[%emt 00:10:37]} 23. Rae1 {[%clk 00:50:11]} {[%emt
00:00:19]} Rxe6 {[%clk 00:21:39]} {[%emt 00:00:25]} 24. Qxe6 {[%clk 00:49:26]}
{[%emt 00:01:15]} Qxe6 {[%clk 00:21:13]} {[%emt 00:00:57]} 25. Rxe6 {[%clk
00:49:47]} {[%emt 00:00:08]} Rf6 {[%clk 00:19:25]} {[%emt 00:02:18]} 26. Rxf6
{[%clk 00:49:05]} {[%emt 00:01:12]} Bxf6 {[%clk 00:19:50]} {[%emt 00:00:05]} 27.
Kf2 {[%clk 00:48:20]} {[%emt 00:01:14]} c5 {[%clk 00:19:18]} {[%emt 00:01:04]}
28. dxc6 {[%clk 00:47:32]} {[%emt 00:01:18]} bxc6 {[%clk 00:19:42]} {[%emt
00:00:06]} 29. Kf3 {[%clk 00:47:29]} {[%emt 00:00:32]} Kf7 {[%clk 00:15:39]}
{[%emt 00:04:33]} 30. Ke4 {[%clk 00:47:17]} {[%emt 00:00:43]} Ke6 {[%clk
00:13:27]} {[%emt 00:02:41]} 31. g4 {[%clk 00:47:34]} {[%emt 00:00:13]} a6
{[%clk 00:09:03]} {[%emt 00:04:55]} 32. Be1 {[%clk 00:47:32]} {[%emt 00:00:31]}
c5 {[%clk 00:08:15]} {[%emt 00:01:18]} 33. f5+ {[%clk 00:47:26]} {[%emt
00:00:36]} gxf5+ {[%clk 00:08:31]} {[%emt 00:00:15]} 34. gxf5+ {[%clk
00:47:51]} {[%emt 00:00:04]} Kd7 {[%clk 00:08:52]} {[%emt 00:00:09]} 35. bxc5
{[%clk 00:40:50]} {[%emt 00:07:31]} dxc5 {[%clk 00:09:15]} {[%emt 00:00:07]} 36.
Bd2 {[%clk 00:41:11]} {[%emt 00:00:09]} Kd6 {[%clk 00:08:44]} {[%emt 00:01:01]}
37. a4 {[%clk 00:39:52]} {[%emt 00:01:50]} h5 {[%clk 00:09:08]} {[%emt
00:00:06]} 38. a5 {[%clk 00:39:28]} {[%emt 00:00:54]} Bd8 {[%clk 00:08:10]}
{[%emt 00:01:28]} 39. h3 {[%clk 00:37:36]} {[%emt 00:02:22]} Bf6 {[%clk
00:08:23]} {[%emt 00:00:17]} 40. Bf4+ {[%clk 00:35:33]} {[%emt 00:02:32]} Kc6
{[%clk 00:08:48]} {[%emt 00:00:06]} 41. Bd2 {[%clk 00:33:35]} {[%emt 00:02:27]}
Kd6 {[%clk 00:09:09]} {[%emt 00:00:10]} 42. Bf4+ {[%clk 00:33:54]} {[%emt
00:00:11]} Kc6 {[%clk 00:09:35]} {[%emt 00:00:04]} 43. Bd2 {[%clk 00:34:17]}
{[%emt 00:00:05]} Kd6 {[%clk 00:10:02]} {[%emt 00:00:04]} 44. Bf4+ {[%clk
00:34:09]} {[%emt 00:00:07]}  1/2-1/2

[Event "1st 4NCL Easter Congress"]
[Site "Stevenage"]
[Date "2019.04.22"]
[Round "6"]
[Board "14"]
[White "Woltery, Nicolai"]
[Black "Ansari, Athar"]
[Result "1-0"]
[WhiteElo "1865"]
[BlackElo "1934"]
[PlyCount "0"]
[EventDate "2019.04.19"]
[EventRounds "7"]
[EventCountry "ENG"]

1. c4 {[%emt 00:35:19]} e5 {[%emt 00:00:10]} 2. Nc3 {[%emt 00:00:18]} Nc6
{[%emt 00:00:13]} 3. g3 {[%emt 00:00:05]} Nf6 {[%emt 00:00:27]} 4. Bg2 {[%emt
00:00:06]} g6 {[%emt 00:00:29]} 5. Nf3 {[%emt 00:00:41]} Bg7 {[%emt 00:00:04]}
6. O-O {[%emt 00:00:11]} d6 {[%emt 00:00:13]} 7. d3 {[%emt 00:00:16]} O-O
{[%emt 00:00:31]} 8. Rb1 {[%emt 00:00:29]} a5 {[%emt 00:00:12]} 9. a3 {[%emt
00:01:09]} Ne7 {[%emt 00:00:11]} 10. b4 {[%emt 00:01:11]} axb4 {[%emt
00:00:07]} 11. axb4 {[%emt 00:00:23]} c6 {[%emt 00:00:07]} 12. b5 {[%emt
00:12:30]} Ne8 {[%emt 00:00:44]} 13. bxc6 {[%emt 00:00:29]} bxc6 {[%emt
00:00:07]} 14. Bd2 {[%emt 00:34:04]} f5 {[%emt 00:00:27]} 15. Qc2 {[%emt
00:00:35]} d5 {[%emt 00:00:38]} 16. cxd5 {[%emt 00:00:54]} cxd5 {[%emt
00:00:14]} 17. Rfc1 {[%emt 00:05:09]} e4 {[%emt 00:00:56]} 18. Ng5 {[%emt
00:03:42]} h6 {[%emt 00:00:25]} 19. Nh3 {[%emt 00:00:14]} Be6 {[%emt 00:00:22]}
20. Nb5 {[%emt 00:01:53]} Rc8 {[%emt 00:01:03]} 21. Qb3 {[%emt 00:01:00]} Bf7
{[%emt 00:00:54]} 22. Rxc8 {[%emt 00:01:45]} Qxc8 {[%emt 00:00:32]} 23. Bb4
{[%emt 00:04:02]} Qd7 {[%emt 00:00:34]} 24. Ba3 {[%emt 00:00:54]} Kh7 {[%emt
00:01:46]} 25. d4 {[%emt 00:03:24]} Rh8 {[%emt 00:00:19]} 26. Bc5 {[%emt
00:00:57]} g5 {[%emt 00:00:15]} 27. Bxe7 {[%emt 00:00:42]} Qxe7 {[%emt
00:00:08]} 28. Ra1 {[%emt 00:00:28]} Nf6 {[%emt 00:01:37]} 29. Ra7 {[%emt
00:01:16]} Qe6 {[%emt 00:00:03]} 30. Nd6 {[%emt 00:08:39]} Qxd6 {[%emt
00:01:10]} 31. Rxf7 {[%emt 00:00:10]} Rb8 {[%emt 00:00:45]} 32. Rb7 {[%emt
00:00:40]} Rxb7 {[%emt 00:00:49]} 33. Qxb7 {[%emt 00:00:02]} Qd7 {[%emt
00:01:04]} 34. Qxd7 {[%emt 00:01:12]} Nxd7 {[%emt 00:00:06]} 35. e3 {[%emt
00:00:21]} Kg6 {[%emt 00:00:29]} 36. Bf1 {[%emt 00:01:12]} Kf7 {[%emt
00:00:36]} 37. Bb5 {[%emt 00:00:28]} Nb6 {[%emt 00:00:36]} 38. Kf1 {[%emt
00:00:26]} Kg6 {[%emt 00:01:34]} 39. Ke1 {[%emt 00:00:47]} Bf8 {[%emt
00:01:23]} 40. Ng1 {[%emt 00:06:13]} Bb4+ {[%emt 00:02:23]} 41. Ke2 {[%emt
00:01:52]} Kh5 {[%emt 00:04:00]} 42. Be8+ {[%emt 00:00:18]} Kg4 {[%emt
00:00:39]} 43. h3# {[%emt 00:00:10]}  1-0